00853 2200277 4500001002100000005001500021035002000036007000300056008004100059020002200100082001400122084002000136100003700156245017300193250001200366260003200378300002600410650002300436700002000459700002000479700002000499700001800519700001600537990001100553990001100564INLIS00000000000356720190628013919 a0010-0619000111ta190628 g 0 ind  a978-979-3407-98-2 a297.122 6 a297.122 6 ABD t0 aABDURRAHMAN, bin Nashir as-Sa'di1 aTafsir Al-Qur'an (2) Surat: An-Nisa' - Al-An'am /cAbdurrahman bin Nashir as-Sa'di; penerjemah, Muhammad Iqbal, Izzudin Karimi, Muhammad Ashim, Mustofa Aini, Zuhdi Amin acet. vi aJakarta :bDarul Haq,c2016 avi, 574 hlm. ;c25 cm 4aTAFSIR.AGAMA ISLAM0 aMUHAMMAD, Iqbal0 aIZZUDIN, Karimi0 aMUHAMMAD, Ashim0 aMUSTOFA, Aini0 aZUHDI, Amin a6779 a a6779 b